| 000 -LEADER |
| fixed length control field |
01756cam a2200277 i 4500 |
| 001 - CONTROL NUMBER |
| control field |
18165272 |
| 005 - DATE AND TIME OF LATEST TRANSACTION |
| control field |
20221114121740.0 |
| 008 - FIXED-LENGTH DATA ELEMENTS--GENERAL INFORMATION |
| fixed length control field |
140527s2012 enk b 001 0 eng |
| 020 ## - INTERNATIONAL STANDARD BOOK NUMBER |
| International Standard Book Number |
9781137031235x |
| 041 ## - LANGUAGE CODE |
| Language code of text/sound track or separate title |
eng |
| 080 ## - UNIVERSAL DECIMAL CLASSIFICATION NUMBER |
| Universal Decimal Classification number |
327(4) Th-44 |
| 245 04 - TITLE STATEMENT |
| Title |
The European neighbourhood policy in perspective : |
| Remainder of title |
context, implementation and impact / |
| Statement of responsibility, etc. |
edited by Richard G. Whitman, professor of politics, University of Kent, UK and Stefan Wolff, professor of international security, University of Birmingham, UK. |
| 264 #1 - PRODUCTION, PUBLICATION, DISTRIBUTION, MANUFACTURE, AND COPYRIGHT NOTICE |
| Place of production, publication, distribution, manufacture |
Basingstoke, Hampshire : |
| Name of producer, publisher, distributor, manufacturer |
Palgrave Macmillan, |
| Date of production, publication, distribution, manufacture, or copyright notice |
[2012]. |
| 300 ## - PHYSICAL DESCRIPTION |
| Extent |
274 pages ; |
| Dimensions |
22 cm. |
| 490 0# - SERIES STATEMENT |
| Series statement |
Palgrave studies in European Union politics |
| 504 ## - BIBLIOGRAPHY, ETC. NOTE |
| Bibliography, etc. note |
Includes bibliographical references and index. |
| 653 ## - INDEX TERM--UNCONTROLLED |
| keyword |
The European Neighbourhood Policy in Perspective : Context, Implementation and Impact |
| 653 ## - INDEX TERM--UNCONTROLLED |
| keyword |
ევროპული სამეზობლო პოლიტიკა პერსპექტივაში : კონტექსტი, განხორციელება და ზემოქმედება |
| 653 ## - INDEX TERM--UNCONTROLLED |
| keyword |
Европейская политика добрососедства в перспективе : контекст, реализация и воздействие |
| 700 1# - ADDED ENTRY--PERSONAL NAME |
| Personal name |
Whitman, Richard G., |
| Relator term |
რედაქტორი |
| 9 (RLIN) |
11217 |
| 700 1# - ADDED ENTRY--PERSONAL NAME |
| Personal name |
Wolff, Stefan, |
| Dates associated with a name |
|
| Relator term |
რედაქტორი |
| 9 (RLIN) |
11218 |
| 856 42 - ELECTRONIC LOCATION AND ACCESS |
| Materials specified |
Contributor biographical information |
| Uniform Resource Identifier |
https://www.loc.gov/catdir/enhancements/fy1610/2014397080-b.html |
| 856 42 - ELECTRONIC LOCATION AND ACCESS |
| Materials specified |
Publisher description |
| Uniform Resource Identifier |
https://www.loc.gov/catdir/enhancements/fy1610/2014397080-d.html |
| 856 41 - ELECTRONIC LOCATION AND ACCESS |
| Materials specified |
Table of contents only |
| Uniform Resource Identifier |
https://www.loc.gov/catdir/enhancements/fy1610/2014397080-t.html |
| 942 ## - ADDED ENTRY ELEMENTS (KOHA) |
| Source of classification or shelving scheme |
|
| Koha item type |
წიგნი |